000 01092nam a2200253Ia 4500
999 _c50267
_d50267
001 17205
003 GE_BSU
005 20250213130057.0
008 181216s2014||||ge |||||||||||||| ||geo||
020 _a9992898100
040 _cGE_BSU
041 _ageo
080 _a94(100)(042.4)
100 _aმენთეშაშვილი, ი.
_922414
245 _aინგლისის ისტორია :
_bლექციების კურსი /
_c[რედ. : ზ. ჩიმაკაძე, ა. ჩხეიძე] ; თბილ. ენისა და კულტურის სახ. უნ-ტი.
264 _aთბილისი :
_bენა და კულტურა,
_c2004.
300 _a313 გვ. ;
_c29 სმ.
504 _aბიბლიოგრ. : გვ. 311-312
653 _aინგლისის ისტორია
653 _aისტორია
700 _aჩიმაკაძე, ზ.
_eრედაქტორი
_923591
700 _a ჩხეიძე, ა.
_eრედაქტორი
_924358
942 _cBK
_2udc